Statistiken für Star Trek Charaktere (Classic)

Klicken Sie hier um das Quiz zu spielen!

Allgemein

  • Dieses Quiz wurde 260 mal gespielt
  • Das Durchschnittsergebnis liegt bei 17 aus 43

Antwortstatistiken

Antwort% Korrekt
James T. Kirk
99%
Spock
94%
Jean-Luc Picard
81%
Leonard "Pille" McCoy
78%
Montgomery "Scottie" Scott
76%
Data
74%
Nyota Uhura
72%
Worf
67%
William T. Riker
65%
Beverly Crusher
58%
Wesley Crusher
58%
Hikaru Sulu
52%
Kathryn Janeway
52%
Geordi La Forge
51%
Pavel Chekov
51%
Deanna Troi
50%
Benjamin Sisko
39%
Jake Sisko
37%
Seven of Nine
34%
Tom Paris
34%
Harry Kim
32%
Jonathan Archer
31%
Tasha Yar
29%
Chakotay
27%
Miles O'Brien
27%
Odo
27%
Neelix
25%
Tuvok
23%
B'Elanna Torres
22%
Ezri Dax
22%
Jadzia Dax
22%
Quark
22%
Julian Bashir
17%
T'Pol
17%
Der Doktor
16%
Kes
16%
Charles "Trip" Tucker III
14%
Catherine Pulaski
12%
Kira Nerys
10%
Malcolm Reed
7%
Phlox
7%
Travis Mayweather
5%
Hoshi Sato
4%

Verteilung der Resultate

Perzentil nach korrekt beantworteten Fragen

Anzahl Personen mit jedem Resultat

Ihre Resultats-Entwicklung

Sie haben dieses Quiz noch nicht gespielt